|
|
|
|
| LEADER |
00000nam0a2200000 4500 |
| 001 |
593808 |
| 005 |
20231101131757.0 |
| 035 |
|
|
|a (RuTPU)RU\TPU\tpu\7529
|
| 090 |
|
|
|a 593808
|
| 100 |
|
|
|a 20011210d1950 u y0rusy50 ca
|
| 101 |
0 |
|
|a rus
|
| 102 |
|
|
|a RU
|
| 105 |
|
|
|a 000|y
|
| 200 |
1 |
|
|a Силы резания при скоростной токарной обработке сталей
|f Ю. П. Зимин
|
| 210 |
|
|
|a Новосибирск
|d 1950
|
| 215 |
|
|
|a 27 с.
|
| 610 |
1 |
|
|a машиностроение
|
| 610 |
1 |
|
|a труды учёных ТПУ
|
| 610 |
1 |
|
|a машиноведение
|
| 610 |
1 |
|
|a обработка резанием
|
| 610 |
1 |
|
|a металлы
|
| 700 |
|
1 |
|a Зимин
|b Ю. П.
|
| 801 |
|
0 |
|a RU
|b 63413507
|c 20011210
|g PSBO
|
| 801 |
|
2 |
|a RU
|b 63413507
|c 20210701
|g PSBO
|
| 942 |
|
|
|c BK
|